Paper Mario Sticker Star How Many Stars - Statistics

General Stats
  • This quiz has been taken 3 times
  • The average score is 26 of 98
Answer Stats
Hint Answer % Correct
Shiny Jump ★★☆☆☆
67%
Flashy Jump ★★★☆☆
67%
Big Shiny Jump ★★★★☆
67%
Iron Jump ★☆☆☆☆
67%
Big Shiny Hopslipper ★★★★☆
67%
Worn-Out Hammer ★☆☆☆☆
67%
Shiny Slaphammer ★★☆☆☆
67%
Big Shiny Burnhammer ★★★★☆
67%
Shell ★★☆☆☆
67%
Shiny Shell ★★★☆☆
67%
Barrel ★★★☆☆
67%
Worn-Out Jump ★☆☆☆☆
33%
Jump ★☆☆☆☆
33%
Megaflash Jump ★★★★★
33%
Shiny Iron Jump ★★☆☆☆
33%
Flashy Iron Jump ★★★☆☆
33%
Big Shiny Iron Jump ★★★★☆
33%
Hopslipper ★☆☆☆☆
33%
Megaflash Hopslipper ★★★★★
33%
Line Jump ★☆☆☆☆
33%
Shiny Line Jump ★★☆☆☆
33%
Flashy Line Jump ★★★☆☆
33%
Flashy Clone Jump ★★★☆☆
33%
Megaflash Clone Jump ★★★★★
33%
Big Shiny Infinijump ★★★★☆
33%
Megaflash Infinijump ★★★★★
33%
Hammer ★☆☆☆☆
33%
Slaphammer ★☆☆☆☆
33%
Big Shiny Slaphammer ★★★★☆
33%
Megaflash Slaphammer ★★★★★
33%
Eekhammer ★☆☆☆☆
33%
Shiny Eekhammer ★★☆☆☆
33%
Flashy Eekhammer ★★★☆☆
33%
Big Shiny Eekhammer ★★★★☆
33%
Megaflash Eekhammer ★★★★★
33%
Hurlhammer ★☆☆☆☆
33%
Shiny Hurlhammer ★★☆☆☆
33%
Flashy Hurlhammer ★★★☆☆
33%
Big Shiny Hurlhammer ★★★★☆
33%
Baahammer ★☆☆☆☆
33%
Big Shiny Baahammer ★★★★☆
33%
Megaflash Baahammer ★★★★★
33%
Burnhammer ★☆☆☆☆
33%
Chillhammer ★☆☆☆☆
33%
Big Shiny Chillhammer ★★★★☆
33%
Megaflash Chillhammer ★★★★★
33%
Flashy Fire Flower ★★★★☆
33%
Spike Ball ★★★☆☆
33%
Wrench ★★★☆☆
33%
Sombrero ★★★☆☆
33%
Tail N/A
33%
Shiny Tail N/A
33%
Frog Suit N/A
33%
Shiny Frog Suit N/A
33%
Spike Helmet N/A
33%
Shiny Spike Helmet N/A
33%
Flashy Spike Helmet N/A
33%
Mushroom N/A
33%
Shiny Mushroom N/A
33%
Flashy Mushroom N/A
33%
Big 1UP N/A
33%
Big Shiny 1UP N/A
33%
Leaf N/A
33%
Shiny Leaf N/A
33%
Secret Door N/A
33%
Kersti N/A
33%
Megaflash Iron Jump ★★★★★
0%
Shiny Hopslipper ★★☆☆☆
0%
Flashy Hopslipper ★★★☆☆
0%
Big Shiny Line Jump ★★★★☆
0%
Megaflash Line Jump ★★★★★
0%
Big Shiny Clone Jump ★★★★☆
0%
Flashy Infinijump ★★★☆☆
0%
Shiny Hammer ★★☆☆☆
0%
Flashy Hammer ★★★☆☆
0%
Big Shiny Hammer ★★★★☆
0%
Megaflash Hammer ★★★★★
0%
Flashy Slaphammer ★★★☆☆
0%
Megaflash Hurlhammer ★★★★★
0%
Megaflash Burnhammer ★★★★★
0%
Fire Flower ★★☆☆☆
0%
Shiny Fire Flower ★★★☆☆
0%
Ice Flower ★★☆☆☆
0%
Shiny Ice Flower ★★★☆☆
0%
Flashy Ice Flower ★★★★☆
0%
POW Block ★★☆☆☆
0%
Shiny POW Block ★★★☆☆
0%
Flashy POW Block ★★★★☆
0%
Flashy Shell ★★★★☆
0%
Snowball ★★★☆☆
0%
Bone ★★★☆☆
0%
Boomerang ★★★☆☆
0%
Bomb ★★★☆☆
0%
Throwing Star ★★★☆☆
0%
Super Boot N/A
0%
Shiny Super Boot N/A
0%
Poison Mushroom N/A
0%
Sandal N/A
0%
No matching quizzes found
Score Distribution
Percent of People with Each Score
Percentile by Number Answered
Your Score History
You have not taken this quiz